000 01014nam a22002657a 4500
001 7168
003 FISKH
005 20250701090810.0
008 250701b cb ||||| |||| 00| 0 eng d
020 _a078814006990
040 _aFISKH
_beng
_cFISKH
_dFISKH
050 _aPZ8.W35
082 _a813.6
100 _aWax, Wendy
245 _aClass picture day /
_cby Wendy Wax ; illustrated by Tamara Petrosino
260 _aNew York :
_bPenguin Book,
_c2005.
300 _a40 unnumbered pages :
_bcolor illustrations ;
_c26 cm
505 _aB
520 _aReaders will love the fun of the rhyming text and quirky illustrations of this storybook and photo album. With ten pages of blank photo frames, 36 corner stickers, and 60 speech bubble stickers, creative kids can add and decorate their own photos. Full color. Consumable.
521 8 _a40
_bLexile estimate
521 8 _aB
_bRaz-Plus
650 _aClassmates
_vDifferences
_xCreativity
_yPictures
942 _2ddc
_cBK
_n0
999 _c7168
_d7168